000 00455nam a2200181Ia 4500
001 22793
005 20260414150854.0
008 260414t2011||||xx |||||||||||||| ||spa||
041 _aESP
082 _a623.73
_bP74
100 _aPoisel, Richard A.
_eAUT
245 0 _aModern communications jamming :
_bprinciples and techniques
260 _c2011
300 _a870 páginas :
_c23 cm.
650 _aCNM
654 _aCCN
942 _cLIB
_dJUS
_fJUS
_2ddc
_n
999 _c22793
_d22793